| Поле | Инд. | ПП | Название | Значение |
|---|---|---|---|---|
| Тип записи | a | |||
| Библиографический уровень | m | |||
| 001 | Контрольный номер | RU/IS/BASE/449932028 | ||
| 005 | Дата корректировки | 20140506090550.5 | ||
| 008 | Кодируемые данные | 020320 | ||
| 040 | a | Служба первич. каталог. | НБ ТвГУ | |
| 041 | a | Код языка текста | rus | |
| 080 | a | Индекс УДК | 591.9(47+57) | |
| 084 | a | Индекс другой классификации/Индекс ББК | Е685.9(2) | |
| 090 | a | Полочн. индекс | 59 | |
| x | Авторский знак | Б 72 | ||
| 100 | 1_ | a | Автор | Бобринский Николай Алексеевич |
| d | Дата | 1890 - 1964 | ||
| q | Полное имя | Бобринский Н. А. | ||
| 245 | 00 | a | Заглавие | Животный мир и природа СССР |
| 260 | 0_ | a | Место издания | Москва |
| b | Издательство | Московское общество испытателей природы | ||
| c | Дата издания | 1949 | ||
| 300 | a | Объем | 215, [1] c., [17] л. ил., к. | |
| b | Иллюстрации/ тип воспроизводства | ил. | ||
| c | Размеры | 26 см | ||
| 440 | _0 | a | Серия | Среди природы / МОИП |
| v | N тома | вып. 9 | ||
| 500 | a | Примечание | На обл. 1948 г. изд. | |
| 504 | a | Библиография | Библиогр.: с. 205-207 | |
| 504 | a | Библиография | Указ. рус.-лат. назв. животных: с. 209-215 | |
| 650 | z | Географическая подрубрика | СССР | |
| 653 | a | Ключевые слова | География животных СССР | |
| a | Ключевые слова | Животные СССР | ||
| a | Ключевые слова | Природа СССР | ||
| a | Ключевые слова | СССР | ||
| 901 | t | Тип документа | m | |
| 920 | a | Оператор | Шалы | |
| a | Оператор | Суха | ||
| 954 | a | Дата поступления на обработку | 20140404 |